Riverdale characters by picture - Statistics

General Stats
  • This quiz has been taken 217 times
  • The average score is 20 of 32
Answer Stats
Picture Answer % Correct
Archie
100%
Betty
98%
Veronica
98%
Jughead
95%
Cheryl
93%
Kevin
83%
Jason
82%
Josie
77%
Polly
76%
Hiram
73%
Toni
72%
Fred
69%
Alice
67%
Reggie
67%
Chic
63%
Fp Jones
62%
Hermione
62%
Moose
60%
Hal
59%
Fangs
58%
Ethel
56%
Penelope
52%
Sweet Pea
52%
Clifford
49%
Valerie
48%
Joaquin
42%
Midge
42%
Mary
34%
Melodie
27%
Miss Grundy
25%
Tom Keller
23%
Sierra McCoy
22%
No matching quizzes found
Score Distribution
Percent of People with Each Score
Percentile by Number Answered
Your Score History
You have not taken this quiz